000
00300 a2200145 4500
001
166661
020
_a
040
_c
Magnum
100
_a
Salvador, Cesar Coll
240
1
0
_a
Psicologia do ensino
_l
por
245
1
0
_a
Psicologia do ensino
362
0
_a
1899
697
_a
PSICOLOGIA
942
_c
BK
999
_c
166661
_d
166661